Lana Del Rey - Burnt Norton (Interlude) Lyrics - Statistics

General Stats
  • This quiz has been taken 64 times
  • The average score is 73 of 85
Answer Stats
Answer % Correct
the
100%
the
100%
the
100%
the
100%
a
97%
a
97%
an
97%
and
97%
And
97%
and
97%
Are
94%
in
94%
in
94%
in
94%
in
94%
Time
94%
time
94%
time
94%
time
94%
time
94%
time
94%
time
94%
to
94%
all
91%
All
91%
future
91%
future
91%
is
91%
is
91%
is
91%
is
91%
past
91%
past
91%
present
91%
present
91%
present
91%
present
91%
we
91%
we
91%
both
88%
garden
88%
Into
88%
never
88%
of
88%
opened
88%
rose
88%
have
85%
have
85%
perhaps
85%
which
85%
which
85%
been
82%
been
82%
been
82%
did
82%
door
82%
end
82%
not
82%
possibility
82%
Towards
82%
What
82%
What
82%
what
82%
world
82%
contained
79%
has
79%
If
79%
take
79%
always
76%
Down
76%
eternally
76%
Footfalls
76%
might
76%
might
76%
one
76%
passage
76%
speculation
76%
echo
73%
memory
73%
Only
73%
perpetual
73%
Point
73%
Remaining
73%
unredeemable
73%
abstraction
70%
No matching quizzes found
Score Distribution
Percent of People with Each Score
Percentile by Number Answered
Your Score History
You have not taken this quiz